Top 10 Highest international football goalscorers - Statistics

General Stats
  • This quiz has been taken 30 times
  • The average score is 3 of 10
Answer Stats
Goals Player % Correct
122 goals Cristiano Ronaldo
100%
102 goals Lionel Messi
96%
78 goals Robert Lewandowski
48%
109 goals Ali Daei
26%
84 goals Ferenc Puskás
22%
89 goals Mokhtar Dahari
15%
81 goals Ali Mabkhout
7%
79 goals Godfrey Chitalu
7%
78 goals Hussein Saeed
7%
85 goals Sunil Chhetri
7%
No matching quizzes found
Score Distribution
Percent of People with Each Score
Percentile by Number Answered
Your Score History
You have not taken this quiz